000
00243nam a22001217a 4500
040
_c
HS
082
_a
576
100
_a
NA
245
_a
Principes and applications of soil microbiology
260
_a
NA
_b
NA
_c
NA
300
_a
138p;
942
_c
EK
999
_c
9506
_d
9506